Представление документа в формате RUSMARC

ПолеНазваниеЗначение
  Тип записи a
  Библиографический уровень m
001 Контрольный номер RU/SLIB/B/208753479
005 Дата корректировки 20241105110939.6
010 Индекс ISBN __
d Цена 12500-00
101 Язык документа 0_
a Язык текста rus
200 Заглавие и сведения об ответственности 1_
a Заглавие Дягилевский центр искусств представляет...
e Сведения, относящиеся к заглавию каталог
f Первые сведения об ответственности сост.: Е. П. Лярская [и др.]
b Общее обозначение материала Текст
210 Выходные данные 1_
a Место издания СПб.
c Издательство Искусство-СПБ
d Дата издания 1993
215 Физическое описание __
a Объем 72 с.
c Иллюстрации/тип воспроизводства ил.
601 Наименование организации как предмет 02
a Наименование организации как предмет Дягилевский центр искусств
606 Тематические рубрики __
a Основная рубрика Изобразительное искусство и архитектура
606 Тематические рубрики __
a Основная рубрика Изобразительное искусство в целом
610 Ключевые слова 0_
a Ключевые слова центры искусств; история искусства; произведения искусства; персоналии
686 Индексы других классификаций __
a Классификационный индекс 85.101.3(2)-2
702 Вторичная интеллектуальная ответственность _1
a Фамилия Лярская
b Имя Е. П.
4 Код отношения Составитель
801 Источник записи _0
a Страна RU
b Организация Муниципальное бюджетное учреждение культуры "Централизованная библиотечная система" г. Сургут (Центральная городская библиотека им. А. С. Пушкина)
g Правила каталогизации КиК/Михайлова
801 Источник записи _1
a Страна RU
b Организация Муниципальное бюджетное учреждение культуры "Централизованная библиотечная система" г. Сургут (Центральная городская библиотека им. А. С. Пушкина)
g Правила каталогизации КиК/Михайлова
852 Данные о местонахождении __
j Шифр хранения 85.101.3(2)-2
c Каталожный индекс 85.101л6
i Авторский знак Д 99
p Инвентарный номер 51538
901 Тип документа __
t Тип документа m
969 Тип издания __
a Тип издания каталог
990 Данные о заказе (DOS) __
j Количество экземпляров (DOS) 1
t N записи в КСУ для И/У (DOS) 199501